| 000 | 00510nam a2200181 a 4500 | ||
|---|---|---|---|
| 005 | 20231128063557.0 | ||
| 008 | 050218s1997 es r 000 0 spa d | ||
| 020 | _a8481911585 | ||
| 035 | _aUPN01000138237 | ||
| 049 | _aCG | ||
| 050 | 4 |
_aBD223 _bI3.3 |
|
| 245 | 0 | 4 |
_aLas identidades del sujeto / _ced. Vicente Sanfélix Vidarte. |
| 260 |
_aValencia, Esp. : _bPre-Textos, _c1997. |
||
| 300 | _a162 p. | ||
| 650 | 2 |
_aSujeto (filosofía) _99553 |
|
| 700 | 1 |
_aSanfélix Vidarte, Vicente, _eed. |
|
| 905 | _aLibro | ||
| 999 |
_c110385 _d110385 |
||